Red Dwarf Theme Song - Statistics

General Stats
  • This quiz has been taken 373 times
  • The average score is 45 of 54
Answer Stats
Answer % Correct
I
100%
the
96%
the
96%
at
93%
cold
93%
It's
93%
outside
92%
no
91%
atmosphere
90%
in
90%
in
90%
of
90%
kind
89%
fun
88%
fun
88%
fun
88%
fun
88%
fun
88%
fun
88%
sun
88%
sun
88%
sun
88%
sun
88%
sun
88%
sun
88%
there's
87%
to
87%
all
86%
or
86%
alone
85%
less
85%
more
85%
juice
83%
mango
83%
want
82%
drinking
79%
I'm
78%
fresh
77%
here
77%
my
77%
fly
76%
me
76%
and
75%
toes
75%
far
74%
from
74%
away
73%
let
73%
lie
73%
shipwrecked
72%
Goldfish
71%
comatose
68%
nibbling
68%
shoals
53%
No matching quizzes found
Score Distribution
Percent of People with Each Score
Percentile by Number Answered
Your Score History
You have not taken this quiz